=LDR 00000nam 2200000 4500 =001 INLIS000000000059149 =005 20211025123931 =035 ##$$a 0010-1021000597 =007 ta =008 211025###########################0#ind## =020 ##$$a 978-979-518-070-8 =082 ##$$a 345 =084 ##$$a 345 And a =245 1#$$a Asas - asas Hukum Pidana /$c Dr. Andi Hamzah, SH =250 ##$$a cet 4 =300 ##$$a 228 halaman ; $c 20 cm =650 #4$$a Hukum Pidana =264 ##$$a Jakarta :$b Rineka Cipta,$c 2010 =336 ##$$a teks$2 rdacontent =337 ##$$a lain-lain$2 rdamedia =338 ##$$a lain-lain$2 rdacarrier =990 ##$$a 24202420 =990 ##$$a 24202420